Stitch dictionary / (Record no. 353050)

000 -LEADER
fixed length control field 00721 a2200229 4500
003 - CONTROL NUMBER IDENTIFIER
control field OSt
005 - DATE AND TIME OF LATEST TRANSACTION
control field 20180116192354.0
008 - FIXED-LENGTH DATA ELEMENTS--GENERAL INFORMATION
fixed length control field 120613t xxu||||| |||| 00| 0 eng d
020 ## - INTERNATIONAL STANDARD BOOK NUMBER
International Standard Book Number 0751307866
020 ## - INTERNATIONAL STANDARD BOOK NUMBER
International Standard Book Number 9781405348201
040 ## - CATALOGING SOURCE
Transcribing agency 0
082 ## - DEWEY DECIMAL CLASSIFICATION NUMBER
Classification number 746.44
100 ## - MAIN ENTRY--PERSONAL NAME
Personal name Ganderton, Lucinda.
9 (RLIN) 4538
245 10 - TITLE STATEMENT
Title Stitch dictionary /
Statement of responsibility, etc. Lucinda Ganderton.
260 ## - PUBLICATION, DISTRIBUTION, ETC.
Place of publication, distribution, etc. London :
Name of publisher, distributor, etc. Dorling Kindersley.
Date of publication, distribution, etc. 1999.
300 ## - PHYSICAL DESCRIPTION
Extent 160 p. :
Other physical details col. ill. ;
Dimensions 16025 cm.
500 ## - GENERAL NOTE
General note Includes index.
650 10 - SUBJECT ADDED ENTRY--TOPICAL TERM
Topical term or geographic name entry element Embroidery
General subdivision Handbooks, manuals, etc.
9 (RLIN) 4539
650 10 - SUBJECT ADDED ENTRY--TOPICAL TERM
Topical term or geographic name entry element Needlework
General subdivision Handbooks, manuals, etc.
9 (RLIN) 4540
942 ## - ADDED ENTRY ELEMENTS (KOHA)
Institution code [OBSOLETE] SADA
Koha item type Book
Call number prefix 746.44 GAN 1999
Source of classification or shelving scheme
952 ## - LOCATION AND ITEM INFORMATION (KOHA)
-- BOOK
Holdings
Withdrawn status Lost status Source of classification or shelving scheme Damaged status Not for loan Permanent Location Current Location Date acquired Total Checkouts Full call number Barcode Date last seen Cost, replacement price Price effective from Koha item type
          School of Art Design and Architecture (SADA) School of Art Design and Architecture (SADA) 06/16/2011   746.44 GAN 1999 SADA0001310 08/05/2011 954.00 08/05/2011 Book
© 2023 Central Library, National University of Sciences and Technology. All Rights Reserved.